000
00282 a2200133 4500
082
_a
519.5 DAR
090
_c
422
_d
422
100
_a
DR. DARYAB SINGH
245
_a
PRACTICAL STATISTICS
250
_a
VOL 2
260
_a
ATTANTIC
490
_v
VOL 2
942
_a
NBS
_c
BK
_k
519.5 DAR
999
_c
342984
_d
342984